Online Catalogue and eLibrary

Good governance : (Record no. 5622)

MARC details
000 -LEADER
fixed length control field 00262nam a2200097Ia 4500
008 - FIXED-LENGTH DATA ELEMENTS--GENERAL INFORMATION
fixed length control field 240331s9999 xx 000 0 und d
082 ## - DDC Classification
Item Number - Author Mark GOO
100 ## - MAIN ENTRY--PERSONAL NAME
Personal name South Asia SAP-N. ed
245 #0 - TITLE STATEMENT
Title Good governance :
Remainder of title enhancing perspective for strategic planning
942 ## - Koha item type (Biblio)
Koha item type Books in Stacks (Lending)

No items available.

© WERC Library